Země nejblíže Íránu - Statistics

General Stats
  • This quiz has been taken 245 times
  • The average score is 15 of 20
Answer Stats
km země % Correct
0 Irák
99%
0 Pákistán
89%
147 Saudská arábie
89%
0 Afghánistán
85%
182 Sýrie
82%
0 Turecko
82%
51 Omán
81%
0 Turkmenistán
80%
189 Gruzie
79%
97 Spojené arabské emiráty
79%
0 Arménie
76%
20 Kuvajt
76%
329 Uzbekistán
76%
188 Katar
75%
596 Indie
74%
0 Ázerbajdžán
72%
593 Tádžikistán
66%
165 Rusko
65%
342 Kazachstán
63%
191 Bahrajn
56%
No matching quizzes found
Score Distribution
Percent of People with Each Score
Percentile by Number Answered
Your Score History
You have not taken this quiz